[Event "Belgrade-chT Quality"]
[Site "Belgrade"]
[Date "2021.11.06"]
[Round "7.5"]
[White "Cica, Dusan"]
[Black "Kutanjac, Aleksandar"]
[Result "1/2-1/2"]
[WhiteElo "2062"]
[BlackElo "1749"]
[PlyCount "79"]
[EventDate "2021.10.16"]
[EventType "team-tourn"]
[EventRounds "11"]
[EventCountry "SRB"]
[SourceTitle "EXT 2023"]
[Source "ChessBase"]
[SourceDate "2022.10.05"]
[SourceVersion "1"]
[SourceVersionDate "2022.10.05"]
[SourceQuality "1"]
[WhiteTeam "Belgrade Zemun Teleoptic"]
[BlackTeam "Belgrade Novi"]
[WhiteTeamCountry "SRB"]
[BlackTeamCountry "SRB"]

1. e4 e6 2. d3 d5 3. Nc3 c5 4. g3 d4 5. Nce2 Nc6 6. f4 e5 7. Nf3 f6 8. Bg2 Bd6 9. c3 Be6 10. fxe5 Nxe5 11. cxd4 Nxf3+ 12. Bxf3 cxd4 13. Qa4+ Qd7 14. Qxd7+ Bxd7 15. Nxd4 Ne7 16. Bh5+ g6 17. Be2 0-0 18. Bf4 Bb4+ 19. Bd2 Bc5 20. Nb3 Bb6 21. Bb4 Rfe8 22. Bc5 f5 23. Bf3 Nc6 24. Bxb6 axb6 25. 0-0 Nb4 26. exf5 Bxf5 27. Bxb7 Ra7 28. Be4 Bxe4 29. dxe4 Rxe4 30. Rf6 Nc2 31. Rc1 Re2 32. a3 Rf7 33. Rxf7 Kxf7 34. Rf1+ Kg7 35. Rf2 Re1+ 36. Kg2 Ne3+ 37. Kf3 Nd1 38. Re2 Rxe2 39. Kxe2 Nxb2 40. Nd4 1/2-1/2

[Event "Belgrade-chT Quality"]
[Site "Belgrade"]
[Date "2020.10.10"]
[Round "2.7"]
[White "Poledica, Nenad"]
[Black "Cica, Dusan"]
[Result "1-0"]
[WhiteElo "1928"]
[BlackElo "2085"]
[PlyCount "55"]
[EventDate "2020.10.09"]
[EventType "team-tourn"]
[EventRounds "9"]
[EventCountry "SRB"]
[SourceTitle "EXT 2022"]
[Source "ChessBase"]
[SourceDate "2021.10.06"]
[SourceVersion "1"]
[SourceVersionDate "2021.10.06"]
[SourceQuality "1"]
[WhiteTeam "Belgrade Batajnica"]
[BlackTeam "Belgrade Teleoptik"]
[WhiteTeamCountry "SRB"]
[BlackTeamCountry "SRB"]

1. e4 e5 2. Nf3 Nc6 3. Bc4 d6 4. h3 Be6 5. Bxe6 fxe6 6. d4 exd4 7. Nxd4 Qd7 8. 0-0 Nf6 9. Re1 Nxd4 10. Qxd4 e5 11. Qc4 0-0-0 12. Be3 Kb8 13. Nc3 Qc6 14. Qd3 h6 15. a4 Be7 16. Rad1 a5 17. Nd5 Rhe8 18. Bd2 Nxd5 19. exd5 Qxa4 20. Re4 Qd7 21. Bxa5 Rc8 22. Ra1 Bd8 23. Qa3 c5 24. Be1 Bb6 25. Qb3 Qd8 26. Rea4 c4 27. Ra8+ Kc7 28. Qxc4+ 1-0

[Event "Belgrade-chT Quality"]
[Site "Belgrade"]
[Date "2020.10.09"]
[Round "1.7"]
[White "Karic, Damir"]
[Black "Cica, Dusan"]
[Result "1/2-1/2"]
[WhiteElo "1521"]
[BlackElo "2085"]
[PlyCount "60"]
[EventDate "2020.10.09"]
[EventType "team-tourn"]
[EventRounds "9"]
[EventCountry "SRB"]
[SourceTitle "EXT 2022"]
[Source "ChessBase"]
[SourceDate "2021.10.06"]
[SourceVersion "1"]
[SourceVersionDate "2021.10.06"]
[SourceQuality "1"]
[WhiteTeam "Belgrade Borca"]
[BlackTeam "Belgrade Teleoptik"]
[WhiteTeamCountry "SRB"]
[BlackTeamCountry "SRB"]

1. d4 Nf6 2. c4 e5 3. e3 Nc6 4. a3 d5 5. cxd5 Nxd5 6. e4 Nf6 7. d5 Nd4 8. Nc3 Bg4 9. Be2 Bxe2 10. Ngxe2 c5 11. Bg5 Be7 12. Bxf6 Bxf6 13. Qa4+ Qd7 14. Qxd7+ Kxd7 15. 0-0 Rab8 16. Rac1 b5 17. Nxd4 exd4 18. Na2 Rhe8 19. Rxc5 Rxe4 20. Nb4 Be7 21. Nd3 Re2 22. Rc6 Bd6 23. Rd1 Rc8 24. Kf1 Rc2 25. Ra6 R8c7 26. g3 g5 27. Ke1 R2c4 28. Ke2 g4 29. Kd2 Rc2+ 30. Ke1 R2c4 1/2-1/2

[Event "Belgrade-chTB Quality"]
[Site "Belgrade"]
[Date "2018.09.30"]
[Round "2.6"]
[White "Cica, Dusan"]
[Black "Savkic, Igor"]
[Result "1-0"]
[WhiteElo "2040"]
[BlackElo "2015"]
[PlyCount "131"]
[EventDate "2018.09.29"]
[EventType "team-tourn"]
[EventRounds "11"]
[EventCountry "SRB"]
[SourceTitle "CBM 187 Extra"]
[Source "ChessBase"]
[SourceDate "2018.11.04"]
[SourceVersion "1"]
[SourceVersionDate "2018.11.04"]
[SourceQuality "1"]
[WhiteTeam "Belgrade Visan"]
[BlackTeam "Belgrade BASK"]
[WhiteTeamCountry "SRB"]
[BlackTeamCountry "SRB"]

1. e4 e5 2. Nf3 d5 3. exd5 e4 4. Qe2 Nf6 5. d3 Qxd5 6. Bg5 Bf5 7. Bxf6 gxf6 8. Nbd2 e3 9. fxe3 Bg4 10. h3 Qh5 11. Ne4 Be7 12. Ng3 Qa5+ 13. Qd2 Bb4 14. c3 Bd6 15. Ne4 Bxf3 16. Nxd6+ cxd6 17. gxf3 Nc6 18. d4 0-0-0 19. Bd3 Rde8 20. Qf2 Nxd4 21. 0-0-0 Ne6 22. e4 Qxa2 23. Bb1 Qa6 24. Qh4 f5 25. exf5 Nc5 26. Rhe1 Nb3+ 27. Kc2 Na1+ 28. Kc1 Re2 29. Rxe2 Qxe2 30. Qa4 Qe3+ 31. Rd2 Rg8 32. Bc2 Rg2 33. Qc4+ Kb8 34. Qd5 Rxd2 35. Qxd2 Qg1+ 36. Qd1 Qe3+ 37. Kb1 Nxc2 38. Qxd6+ Kc8 39. Qf8+ Kc7 40. Qxf7+ Kc6 41. Qc4+ Kd7 42. Kxc2 Qf2+ 43. Kb1 Qg1+ 44. Ka2 Qg7 45. Qe6+ Kd8 46. f6 Qd7 47. Qg8+ Kc7 48. Qc4+ Kd8 49. h4 Qf5 50. Qd4+ Qd7 51. Kb3 Ke8 52. Qe4+ Kf8 53. Kc2 Qf7 54. Kd2 Qxf6 55. Qxb7 Qf4+ 56. Kd3 h5 57. Qe4 Qc1 58. Qf5+ Ke8 59. Qe6+ Kd8 60. Qg8+ Kc7 61. Qh7+ Kb6 62. Qg6+ Kb7 63. Qf7+ Kb6 64. Qe6+ Kb7 65. Qe7+ Kb6 66. Qe3+ 1-0

[Event "Belgrade-chT Quality"]
[Site "Belgrade"]
[Date "2008.11.11"]
[Round "10"]
[White "Banjovic, Sasa"]
[Black "Cica, Dusan"]
[Result "0-1"]
[WhiteElo "2182"]
[BlackElo "2085"]
[PlyCount "104"]
[EventDate "2008.11.01"]
[EventType "team-swiss"]
[EventRounds "11"]
[EventCountry "YUG"]
[SourceTitle "CBM 127 Extra"]
[Source "ChessBase"]
[SourceDate "2009.01.08"]
[SourceVersion "2"]
[SourceVersionDate "2009.01.28"]
[SourceQuality "1"]

1. d4 Nf6 2. c4 e5 3. dxe5 Ng4 4. Bf4 Nc6 5. Nf3 Bb4+ 6. Nc3 Qe7 7. Qd5 f6 8. exf6 Nxf6 9. Qd3 Bxc3+ 10. bxc3 Ne4 11. e3 d6 12. Nd4 0-0 13. Be2 Bd7 14. 0-0 Rae8 15. Bf3 Nc5 16. Bd5+ Kh8 17. Qd2 g5 18. Bg3 h5 19. h4 gxh4 20. Bf4 Qg7 21. Qd1 Bg4 22. Qc2 Ne5 23. Kh2 c6 24. Bf3 h3 25. Rg1 hxg2 26. Bxg2 Qf6 27. Bg3 h4 28. Bxe5 Qxe5+ 29. Kh1 Qh5 30. f3 h3 31. Bf1 Bxf3+ 32. Nxf3 Qxf3+ 33. Kh2 Qf2+ 34. Qxf2 Rxf2+ 35. Kxh3 Rxe3+ 36. Rg3 Rff3 37. Rxf3 Rxf3+ 38. Kg4 Rxc3 39. Re1 Kg7 40. Kg5 Kf7 41. Be2 Ne4+ 42. Kf4 Nd2 43. Rh1 Kg7 44. Kg5 Re3 45. Rg1 Kf8 46. Rg2 Re5+ 47. Kg6 Ke7 48. Bd3 Nf3 49. Rf2 Rg5+ 50. Kh6 Rg3 51. Be2 Ne5 52. Rf4 Ra3 0-1

[Event "Belgrade-chT Quality"]
[Site "Belgrade"]
[Date "2008.11.10"]
[Round "9"]
[White "Cica, Dusan"]
[Black "Bulatovic, Nikola"]
[Result "0-1"]
[WhiteElo "2085"]
[BlackElo "2073"]
[PlyCount "104"]
[EventDate "2008.11.01"]
[EventType "team-swiss"]
[EventRounds "11"]
[EventCountry "YUG"]
[SourceTitle "CBM 127 Extra"]
[Source "ChessBase"]
[SourceDate "2009.01.08"]
[SourceVersion "2"]
[SourceVersionDate "2009.01.28"]
[SourceQuality "1"]

1. e4 c5 2. Nc3 Nc6 3. g3 e6 4. Bg2 Nge7 5. f4 d5 6. d3 dxe4 7. dxe4 Qxd1+ 8. Nxd1 e5 9. Be3 b6 10. Nc3 exf4 11. gxf4 Bg4 12. Bf3 Bxf3 13. Nxf3 0-0-0 14. Ng5 Rd7 15. Kf2 f6 16. Ne6 f5 17. e5 Nb4 18. Rad1 Ned5 19. Nxd5 Nxd5 20. Ke2 g6 21. Ng5 h6 22. Nf3 g5 23. c4 Nxf4+ 24. Bxf4 gxf4 25. Rhg1 Bg7 26. Rg6 Bxe5 27. Nxe5 Re7 28. Kf2 Rxe5 29. Re1 Re4 30. Re6 Rxc4 31. R1e2 Re4 32. Kf3 Rd8 33. R6xe4 fxe4+ 34. Kxf4 Re8 35. Ke3 Kd7 36. Rg2 Kd6 37. h4 a5 38. Rg7 Re5 39. Rg6+ Re6 40. Rg7 Ke5 41. Rf7 a4 42. Ra7 Kf5 43. Rg7 Rd6 44. Rf7+ Kg6 45. Re7 Kf6 46. Re8 Rd4 47. Rg8 Kf5 48. Rf8+ Kg6 49. a3 Kh5 50. Rf6 Rd3+ 51. Kxe4 Rb3 52. Rf2 Kxh4 0-1

[Event "Belgrade-chT Quality"]
[Site "Belgrade"]
[Date "2008.11.05"]
[Round "5"]
[White "Kovacic, Misa"]
[Black "Cica, Dusan"]
[Result "1-0"]
[WhiteElo "2150"]
[BlackElo "2085"]
[PlyCount "131"]
[EventDate "2008.11.01"]
[EventType "team-swiss"]
[EventRounds "11"]
[EventCountry "YUG"]
[SourceTitle "CBM 127 Extra"]
[Source "ChessBase"]
[SourceDate "2009.01.08"]
[SourceVersion "2"]
[SourceVersionDate "2009.01.28"]
[SourceQuality "1"]

1. c4 Nf6 2. Nc3 g6 3. g3 Bg7 4. Bg2 e5 5. e4 0-0 6. Nge2 Nc6 7. 0-0 d6 8. d4 exd4 9. Nxd4 Nxd4 10. Qxd4 Nh5 11. Qd3 Kh8 12. Be3 f5 13. Bd4 f4 14. Bxg7+ Nxg7 15. gxf4 Rxf4 16. Ne2 Rh4 17. f4 Qf6 18. Qd4 Qxd4+ 19. Nxd4 Bd7 20. Rf2 Ne6 21. Nxe6 Bxe6 22. b3 Bh3 23. Bxh3 Rxh3 24. Re1 Re8 25. Kg2 Rh5 26. Rd2 Ra5 27. h4 Kg8 28. a4 Kf7 29. Kf3 a6 30. Rd5 Rxd5 31. cxd5 Kf6 32. Rc1 Re7 33. b4 h6 34. b5 axb5 35. axb5 b6 36. Rc6 Kf7 37. Kg4 Kg7 38. Rc4 Kf6 39. Ra4 Rg7 40. Ra8 Re7 41. Rf8+ Kg7 42. Rc8 Kf6 43. Kf3 g5 44. hxg5+ hxg5 45. f5 Rh7 46. Re8 Rh1 47. Re6+ Kf7 48. Rg6 Rb1 49. Rxg5 Rxb5 50. Rh5 Rc5 51. Kf4 Rc1 52. Rh7+ Kf6 53. Rh6+ Kf7 54. Rg6 b5 55. Rg3 Kf6 56. Rb3 Rf1+ 57. Ke3 Ke5 58. Rb4 Re1+ 59. Kf3 Rc1 60. Kg4 Rc4 61. Rxc4 bxc4 62. Kf3 Kd4 63. Ke2 Kc3 64. f6 Kb2 65. f7 c3 66. f8Q 1-0